[Event "SV Unser Fritz 1 - SV Bochum-Linden 1"]
[Site "Verbandsklasse, Gruppe 3 2017"]
[Date "2018.02.04"]
[Round "6.6"]
[White "Goessling, Juergen"]
[Black "Luek, Harald"]
[Result "1-0"]
[WhiteElo "1749"]
[BlackElo "1769"]
[PlyCount "102"]
[EventDate "2018.??.??"]

1. e4 c5 2. Nf3 Nc6 3. d4 cxd4 4. c3 dxc3 5. Nxc3 g6 6. Bc4 e6 7. Bf4 a6 8. a3
Bg7 9. O-O b5 10. Bb3 Nge7 11. Rc1 O-O 12. Qe2 Na5 13. Ba2 d5 14. exd5 exd5 15.
Rfe1 Ra7 16. Bg5 f6 17. Be3 Rd7 18. Bc5 Rf7 19. Nd4 Bb7 20. Ne6 Qa8 21. Nf4 Nc4
22. Ne6 Bh6 23. Rcd1 Nf5 24. b3 Ne5 25. f4 Qe8 26. fxe5 Qxe6 27. b4 Ne7 28.
Bxe7 Rfxe7 29. Qd3 Qb6+ 30. Kh1 Rxe5 31. Rxe5 fxe5 32. Qh3 Qc7 33. Qe6+ Kg7 34.
Ne4 Rf7 35. Nd6 Re7 36. Ne8+ Rxe8 37. Qxe8 Bf4 38. Qe6 d4 39. Bd5 Bxd5 40. Qxd5
Qc2 41. Qd7+ Kh6 42. Qg4 Qc3 43. Qf3 Qe3 44. Qf1 Qxa3 45. g3 Be3 46. Qf8+ Kh5
47. Qf6 Bg5 48. g4+ Kh4 49. Qf2+ Kh3 50. Rg1 Bf4 51. g5 Qe3 1-0

[Event "SV Unser Fritz 1 - SV Bochum-Linden 1"]
[Site "Verbandsklasse, Gruppe 3 2017"]
[Date "2018.02.04"]
[Round "6.7"]
[White "Hansen, Friedhelm"]
[Black "Tober, Julian"]
[Result "0-1"]
[WhiteElo "1744"]
[BlackElo "1731"]
[PlyCount "122"]
[EventDate "2018.??.??"]

1. e4 c5 2. c3 g6 3. d4 cxd4 4. cxd4 d5 5. e5 Bg7 6. Nf3 Bg4 7. Be2 e6 8. O-O
Ne7 9. Nc3 O-O 10. Be3 Nbc6 11. h3 Bxf3 12. Bxf3 Nf5 13. Qd2 f6 14. exf6 Bxf6
15. Ne2 Qb6 16. Rfd1 Rac8 17. g4 Nfxd4 18. Nxd4 Bxd4 19. Bxd5 exd5 20. Bxd4
Nxd4 21. Qxd4 Qxd4 22. Rxd4 Rc2 23. f4 Rxb2 24. Rxd5 Rxf4 25. Rd7 Rf7 26. Rd3
b5 27. a3 a5 28. Rc1 Kg7 29. g5 b4 30. axb4 axb4 31. Rcd1 b3 32. Re1 Rb7 33.
Red1 Rc2 34. Rb1 b2 35. Rdd1 Rbc7 36. Kf1 Rc1 37. Ke2 R7c2+ 38. Kd3 Rc3+ 39.
Ke2 R1c2+ 40. Rd2 Rxd2+ 41. Kxd2 Rxh3 42. Kc2 Rh2+ 43. Kc3 Kf7 44. Re1 Rg2 45.
Rh1 Ke6 46. Kb3 Kf5 47. Ka2 Kxg5 48. Rxh7 Kg4 49. Rh8 g5 50. Rh7 Kg3 51. Rg7 g4
52. Rh7 Rf2 53. Rg7 Kh3 54. Rh7+ Kg2 55. Rg7 g3 56. Rh7 Kg1 57. Rb7 g2 58. Rd7
Kf1 59. Rd1+ Ke2 60. Rg1 Kf3 61. Rd1 Rf1 0-1

[Event "SC Rochade Rüttenscheid 1 - SC Lünen Ho"]
[Site "Verbandsklasse, Gruppe 3 2017"]
[Date "2018.02.04"]
[Round "6.1"]
[White "Bauch, Olaf"]
[Black "Dergatschova, Anna"]
[Result "0-1"]
[WhiteElo "1900"]
[BlackElo "2114"]
[PlyCount "68"]
[EventDate "2018.??.??"]

1. e4 c5 2. Nf3 Nc6 3. c3 d5 4. exd5 Qxd5 5. Na3 Bg4 6. Be2 Nf6 7. d4 O-O-O 8.
O-O cxd4 9. cxd4 e6 10. Nc2 Bh5 11. Bf4 Bd6 12. Ne3 Qe4 13. Bxd6 Rxd6 14. Rc1
Kb8 15. Qb3 Rhd8 16. Rc5 Bxf3 17. Bxf3 Nxd4 18. Bxe4 Nxb3 19. axb3 Nxe4 20. Rb5
a6 21. Rb4 Rd4 22. Ra4 Nd2 23. Re1 Nxb3 24. Ra3 Nc5 25. Rc3 Nd3 26. Re2 Nf4 27.
Re1 Rd2 28. Nc4 Ne2+ 29. Kf1 Nxc3 30. Nxd2 Rxd2 31. bxc3 Rc2 32. Re3 a5 33. Rf3
a4 34. Rf4 a3 0-1

[Event "SC Rochade Rüttenscheid 1 - SC Lünen Ho"]
[Site "Verbandsklasse, Gruppe 3 2017"]
[Date "2018.02.04"]
[Round "6.2"]
[White "Khasin, Abram"]
[Black "Seref, Serkan"]
[Result "1/2-1/2"]
[WhiteElo "2083"]
[BlackElo "1801"]
[PlyCount "82"]
[EventDate "2018.??.??"]

1. d4 Nf6 2. c4 e6 3. Nc3 Bb4 4. Qc2 c5 5. dxc5 Bxc5 6. Bf4 O-O 7. Nf3 a6 8. e4
h6 9. h3 d6 10. Rd1 Qe7 11. a3 e5 12. Bg3 Nc6 13. b4 Ba7 14. Bd3 Be6 15. Nd5
Bxd5 16. cxd5 Nd4 17. Nxd4 Bxd4 18. Rc1 Qd7 19. O-O Rac8 20. Qb3 b5 21. Qb1
Rxc1 22. Rxc1 Rc8 23. Rc2 Bb6 24. Qc1 Rxc2 25. Qxc2 Qc7 26. Qxc7 Bxc7 27. f3
Bb6+ 28. Bf2 Bxf2+ 29. Kxf2 Ne8 30. g3 Kf8 31. f4 f6 32. Kf3 Ke7 33. Kg4 Kf7
34. h4 g6 35. Kf3 h5 36. Ke3 Nc7 37. Kd2 Ke7 38. Kc2 Kf7 39. Kb3 Ke7 40. a4 Kf7
41. axb5 axb5 1/2-1/2

[Event "SC Rochade Rüttenscheid 1 - SC Lünen Ho"]
[Site "Verbandsklasse, Gruppe 3 2017"]
[Date "2018.02.04"]
[Round "6.3"]
[White "Titschert, Julian"]
[Black "Lindenmaier, Reinhard"]
[Result "1-0"]
[WhiteElo "1812"]
[BlackElo "1995"]
[PlyCount "113"]
[EventDate "2018.??.??"]

1. d4 c5 2. d5 Nf6 3. c4 b5 4. cxb5 a6 5. bxa6 Bxa6 6. Nc3 d6 7. e4 Bxf1 8.
Kxf1 g6 9. g3 Bg7 10. Kg2 O-O 11. Nge2 Na6 12. h4 h5 13. Bg5 Qd7 14. Qd2 Rfb8
15. f3 Nc7 16. Rhb1 Nb5 17. Nxb5 Qxb5 18. Nc3 Qb4 19. Nd1 Qb7 20. Bh6 Bh8 21.
Bg5 Ra4 22. Qe2 Rba8 23. Nc3 Rb4 24. Nd1 Nh7 25. Bc1 Nf8 26. Ne3 Rb8 27. b3
Bxa1 28. Rxa1 Nd7 29. Bd2 Rb5 30. Bc3 Nf6 31. Nc4 Ne8 32. Qd2 Kh7 33. Qf4 f6
34. Bd2 Kg7 35. Qh6+ Kf7 36. Qh7+ Ng7 37. Bh6 Rg8 38. g4 hxg4 39. fxg4 Qa8 40.
g5 Rxb3 41. gxf6 exf6 42. Nxd6+ Ke7 43. axb3 Qxa1 44. Qxg8 Qb2+ 45. Kf3 Qxb3+
46. Ke2 Qa2+ 47. Bd2 Kxd6 48. Qf8+ Ke5 49. Qe7+ Kd4 50. Qxf6+ Kxe4 51. Qxg6+
Kxd5 52. Qxg7 Qc4+ 53. Kd1 Qa4+ 54. Kc1 Qxh4 55. Qd7+ Ke5 56. Bc3+ Kf4 57. Qa4+
1-0

[Event "SC Rochade Rüttenscheid 1 - SC Lünen Ho"]
[Site "Verbandsklasse, Gruppe 3 2017"]
[Date "2018.02.04"]
[Round "6.4"]
[White "Dorgarten, Armin"]
[Black "Atasoy, Tarik"]
[Result "1-0"]
[WhiteElo "1928"]
[BlackElo "1718"]
[PlyCount "73"]
[EventDate "2018.??.??"]

1. d4 Nf6 2. Bf4 d6 3. Nc3 g6 4. e4 Bg7 5. Qd2 O-O 6. O-O-O c6 7. Bh6 b5 8. Bd3
Qa5 9. f3 b4 10. Nb1 Bxh6 11. Qxh6 Qxa2 12. h4 Qa5 13. g4 Ba6 14. Nh3 Bxd3 15.
Rxd3 Nbd7 16. Ng5 c5 17. h5 cxd4 18. hxg6 fxg6 19. Nxh7 Kf7 20. Ng5+ Ke8 21.
Qxg6+ Kd8 22. Ne6+ Kc8 23. Nxf8 Nxf8 24. Rh8 Kb7 25. Qf7 N8d7 26. Rxa8 Kxa8 27.
Qxe7 Qg5+ 28. Nd2 Qh4 29. Nc4 Qh1+ 30. Rd1 Qxf3 31. Qxd6 Qxe4 32. Qxd4 Qg6 33.
Kb1 b3 34. Rd3 bxc2+ 35. Kxc2 Nxg4 36. Qxd7 Nf2 37. Qc8# 1-0

[Event "SC Rochade Rüttenscheid 1 - SC Lünen Ho"]
[Site "Verbandsklasse, Gruppe 3 2017"]
[Date "2018.02.04"]
[Round "6.5"]
[White "Akcapinar, Yavuz"]
[Black "Koprek, Juergen"]
[Result "1/2-1/2"]
[WhiteElo "1749"]
[BlackElo "1856"]
[PlyCount "39"]
[EventDate "2018.??.??"]

1. e4 e6 2. d4 d5 3. Nc3 Bb4 4. exd5 exd5 5. Bd3 Ne7 6. Qf3 Nbc6 7. Nge2 Be6 8.
O-O O-O 9. a3 Ba5 10. Nd1 Qd7 11. Ne3 a6 12. c3 Ng6 13. Qh5 f5 14. f4 Qf7 15.
Ng3 Nge7 16. Qf3 Nb8 17. Re1 Nbc6 18. Re2 Bb6 19. Nc2 Nc8 20. Be3 1/2-1/2

[Event "SC Rochade Rüttenscheid 1 - SC Lünen Ho"]
[Site "Verbandsklasse, Gruppe 3 2017"]
[Date "2018.02.04"]
[Round "6.6"]
[White "Storp, Thomas"]
[Black "Hagedorn, Dirk"]
[Result "1-0"]
[WhiteElo "1820"]
[BlackElo "1764"]
[PlyCount "95"]
[EventDate "2018.??.??"]

1. e4 d6 2. d4 Nf6 3. Nc3 c6 4. Nf3 Qa5 5. Bd3 e5 6. O-O Be7 7. a3 O-O 8. b4
Qc7 9. Bb2 Nbd7 10. Ne2 exd4 11. Nexd4 Ne5 12. Nxe5 dxe5 13. Nf3 Nd7 14. Qe2
Bf6 15. c4 Rd8 16. Rad1 Nf8 17. Bc2 Be6 18. h3 Ng6 19. Bc1 Rxd1 20. Rxd1 Rd8
21. c5 Rxd1+ 22. Qxd1 Qd8 23. Qxd8+ Bxd8 24. Bd3 a6 25. Be3 Bc7 26. Ng5 Bb3 27.
g3 f6 28. Nf3 Kf7 29. Nd2 Be6 30. Kg2 Ke7 31. h4 Nf8 32. f4 Nd7 33. Kf3 h5 34.
Bc4 Bg4+ 35. Kf2 Be6 36. f5 Bf7 37. Kf3 Nf8 38. g4 hxg4+ 39. Kxg4 Nh7 40. h5
Nf8 41. h6 gxh6 42. Bxh6 Nd7 43. Bg7 Bxc4 44. Nxc4 Kf7 45. Bh6 Bb8 46. Kh5 Bc7
47. Be3 Bb8 48. Na5 1-0

[Event "SC Rochade Rüttenscheid 1 - SC Lünen Ho"]
[Site "Verbandsklasse, Gruppe 3 2017"]
[Date "2018.02.04"]
[Round "6.7"]
[White "Steinzen, Johannes"]
[Black "Bruckmann, Jochen"]
[Result "1/2-1/2"]
[WhiteElo "1760"]
[BlackElo "1787"]
[PlyCount "35"]
[EventDate "2018.??.??"]

1. d4 b6 2. Bf4 Bb7 3. Nf3 e6 4. e3 Nf6 5. c4 d5 6. Nc3 Bd6 7. Bg5 Nbd7 8. cxd5
exd5 9. Bd3 h6 10. Bh4 O-O 11. O-O c5 12. Nb5 Be7 13. Bg3 a6 14. Nd6 Bc6 15.
Nf5 Ne4 16. Nxe7+ Qxe7 17. b3 Nxg3 18. hxg3 1/2-1/2

[Event "SC Rochade Rüttenscheid 1 - SC Lünen Ho"]
[Site "Verbandsklasse, Gruppe 3 2017"]
[Date "2018.02.04"]
[Round "6.8"]
[White "Furchtbar, Uwe"]
[Black "Richter, Marc"]
[Result "1-0"]
[WhiteElo "1788"]
[BlackElo "1675"]
[PlyCount "77"]
[EventDate "2018.??.??"]

1. e4 d5 2. exd5 Nf6 3. d4 Nxd5 4. c4 Nf6 5. Nc3 c6 6. Bf4 Qa5 7. Bd3 Bf5 8.
Nge2 Nbd7 9. b4 Qxb4 10. Bxf5 Qxc4 11. Bd3 Qe6 12. O-O Nb6 13. Qb1 g6 14. Be5
Bg7 15. Ne4 O-O 16. Nc5 Qc8 17. a4 Nfd7 18. Bxg7 Kxg7 19. Qb2 Kg8 20. Nf4 Nxc5
21. dxc5 Nd7 22. Rac1 Qc7 23. Ne2 Rad8 24. Bb1 Ne5 25. Rfd1 Ng4 26. Ng3 h5 27.
h3 Nf6 28. Ne4 Nxe4 29. Bxe4 f5 30. Qb3+ Kh7 31. Bb1 e5 32. Ba2 Qe7 33. Qe6
Rxd1+ 34. Rxd1 Qxc5 35. Qd7+ Kh6 36. Qxb7 Qb6 37. Qe7 Qb8 38. h4 Re8 39. Qg5+
1-0

[Event "Hervest-Dorstener SK 1 - SG Winz-Baak 1"]
[Site "Verbandsklasse, Gruppe 3 2017"]
[Date "2018.02.04"]
[Round "6.1"]
[White "Schwake, Peter"]
[Black "Doering, Carsten"]
[Result "1-0"]
[WhiteElo "1883"]
[BlackElo "1961"]
[PlyCount "63"]
[EventDate "2018.??.??"]

1. d4 Nf6 2. c4 g6 3. g3 Bg7 4. Bg2 O-O 5. e4 d6 6. Nc3 Nc6 7. Nf3 a6 8. O-O
Rb8 9. d5 Na5 10. Qe2 c5 11. Bd2 e5 12. Rab1 b5 13. cxb5 axb5 14. b4 Nc4 15.
bxc5 Nxd2 16. Nxd2 b4 17. c6 Bg4 18. Qc4 Qa5 19. Nd1 Bh6 20. Ne3 Bc8 21. Qb3
Ba6 22. Rfc1 Ng4 23. Nxg4 Bxd2 24. Nf6+ Kg7 25. Nd7 Bxc1 26. Rxc1 f5 27. Nxb8
Rxb8 28. exf5 gxf5 29. Qe3 Kg6 30. Qa7 Rc8 31. Bf1 Qa3 32. Qxa6 1-0

[Event "Hervest-Dorstener SK 1 - SG Winz-Baak 1"]
[Site "Verbandsklasse, Gruppe 3 2017"]
[Date "2018.02.04"]
[Round "6.2"]
[White "Hermanowski, Mark"]
[Black "Kotzem, Ernst"]
[Result "1-0"]
[WhiteElo "1838"]
[BlackElo "1793"]
[Annotator "Daniel"]
[PlyCount "66"]
[EventDate "2018.??.??"]

1. e4 e5 2. f4 d5 3. Qe2 exf4 4. exd5+ Ne7 5. Nc3 c6 6. d4 cxd5 7. Bxf4 Nbc6 8.
Nb5 Be6 9. Nc7+ Kd7 10. Nxa8 Qxa8 11. c3 Ng6 12. Bg3 h5 13. Nf3 h4 14. Bf2 Bd6
15. O-O-O Bf5 16. Qb5 Be4 17. Be3 a6 18. Qb3 b5 19. Bd3 Na5 20. Qc2 Nc4 21. Bd2
f6 22. Kb1 Ne7 23. Rde1 h3 24. Bxe4 dxe4 25. Qxe4 Qxe4+ 26. Rxe4 hxg2 27. Rg1
Rh3 28. b3 Na3+ 29. Kb2 Rxf3 30. Rxg2 g5 31. h4 gxh4 32. Rxh4 Rf1 33. Bc1 f5 {
Rest nicht nachvollziehbar!} 1-0

[Event "Hervest-Dorstener SK 1 - SG Winz-Baak 1"]
[Site "Verbandsklasse, Gruppe 3 2017"]
[Date "2018.02.04"]
[Round "6.3"]
[White "Boetzel, Martin"]
[Black "Tig, Achmet"]
[Result "1/2-1/2"]
[WhiteElo "1758"]
[BlackElo "1916"]
[PlyCount "52"]
[EventDate "2018.??.??"]

1. d4 Nf6 2. Nf3 d5 3. Bf4 c6 4. e3 Bg4 5. c4 e6 6. Nc3 Nbd7 7. Qb3 Bxf3 8.
gxf3 Qb6 9. Qxb6 axb6 10. cxd5 exd5 11. Bd3 Bb4 12. Ke2 O-O 13. a3 Bxc3 14.
bxc3 b5 15. Rhg1 Rfe8 16. h4 Nb6 17. Be5 Nh5 18. Bc7 Nc4 19. Bxc4 bxc4 20. Rgb1
b5 21. Bd6 Re6 22. Bc5 Nf4+ 23. Kf1 Nd3 24. a4 Nxc5 25. dxc5 bxa4 26. Rxa4 Ree8
1/2-1/2

[Event "Hervest-Dorstener SK 1 - SG Winz-Baak 1"]
[Site "Verbandsklasse, Gruppe 3 2017"]
[Date "2018.02.04"]
[Round "6.4"]
[White "Nowok, Frank"]
[Black "Groß, Michael"]
[Result "1/2-1/2"]
[WhiteElo "1865"]
[BlackElo "1698"]
[PlyCount "24"]
[EventDate "2018.??.??"]

1. e4 e5 2. Nf3 Nc6 3. Bc4 Nf6 4. d3 d5 5. exd5 Nxd5 6. Ng5 f6 7. Ne4 Be6 8.
O-O Qd7 9. c3 Na5 10. Bb3 Nxb3 11. axb3 Be7 12. b4 O-O 1/2-1/2

[Event "Hervest-Dorstener SK 1 - SG Winz-Baak 1"]
[Site "Verbandsklasse, Gruppe 3 2017"]
[Date "2018.02.04"]
[Round "6.5"]
[White "Wesener, Rainer"]
[Black "Hater, Norbert"]
[Result "1/2-1/2"]
[WhiteElo "1686"]
[BlackElo "1879"]
[PlyCount "27"]
[EventDate "2018.??.??"]

1. d4 g6 2. Bf4 Bg7 3. e3 d6 4. Nf3 Nc6 5. h3 Nf6 6. Be2 O-O 7. c4 Bd7 8. Nc3
a6 9. O-O Rb8 10. a3 Re8 11. b4 Nh5 12. Bh2 e5 13. Rc1 exd4 14. Nxd4 1/2-1/2

[Event "Hervest-Dorstener SK 1 - SG Winz-Baak 1"]
[Site "Verbandsklasse, Gruppe 3 2017"]
[Date "2018.02.04"]
[Round "6.6"]
[White "Vengels, Joachim"]
[Black "Franke, Wolfgang"]
[Result "1/2-1/2"]
[WhiteElo "1978"]
[BlackElo "1784"]
[PlyCount "32"]
[EventDate "2018.??.??"]

1. e4 Nf6 2. e5 Nd5 3. d4 d6 4. Nf3 g6 5. Bc4 Nb6 6. Bb3 Bg7 7. O-O O-O 8. exd6
cxd6 9. Bg5 h6 10. Bh4 g5 11. Bg3 Bg4 12. c3 Nc6 13. Nbd2 e5 14. dxe5 dxe5 15.
h3 Bh5 16. Bh2 Kh8 1/2-1/2

[Event "Hervest-Dorstener SK 1 - SG Winz-Baak 1"]
[Site "Verbandsklasse, Gruppe 3 2017"]
[Date "2018.02.04"]
[Round "6.7"]
[White "Haupt, Horst-Peter"]
[Black "Heiming, Thomas"]
[Result "1/2-1/2"]
[WhiteElo "1656"]
[BlackElo "1813"]
[Annotator "Daniel"]
[PlyCount "99"]
[EventDate "2018.??.??"]

1. e4 c5 2. Nf3 Nc6 3. d4 cxd4 4. Nxd4 Nf6 5. Nc3 g6 6. Nxc6 dxc6 7. Qxd8+ Kxd8
8. Bf4 Be6 9. O-O-O+ Ke8 10. f3 Bg7 11. a3 Rd8 12. Be2 Nd7 13. Nb1 Nb6 14. b3
f6 15. Rxd8+ Kxd8 16. a4 a6 17. Na3 Kc8 $11 18. a5 Nd7 19. Bc4 Bxc4 20. Nxc4
Rd8 21. Rd1 Bf8 22. c3 e5 23. Be3 Bc5 24. Bxc5 Nxc5 25. Rxd8+ Kxd8 26. Kc2 Ke7
27. b4 Ne6 28. g3 h5 29. Nd2 Nc7 30. Kd3 Ne6 $11 31. Nb3 Kd6 32. Kc4 Ng5 33.
Nd2 Ne6 34. h4 g5 35. hxg5 fxg5 36. Kd3 Nf8 37. Ke3 Ng6 38. c4 Ke6 39. Nb3 Kd7
40. Nc5+ Kc8 41. Ne6 h4 42. Kf2 hxg3+ 43. Kxg3 Nf4 44. Nxg5 Nd3 45. Nf7 Kd7 46.
Kg4 Ke7 47. Ng5 Kf6 48. Nh7+ Kg7 49. Ng5 Kf6 50. Nh7+ 1/2-1/2

[Event "Hervest-Dorstener SK 1 - SG Winz-Baak 1"]
[Site "Verbandsklasse, Gruppe 3 2017"]
[Date "2018.02.04"]
[Round "6.8"]
[White "Kudsin, Alexander"]
[Black "Suessmann, Holger"]
[Result "1/2-1/2"]
[WhiteElo "1812"]
[BlackElo "1573"]
[PlyCount "59"]
[EventDate "2018.??.??"]

1. Nf3 Nf6 2. c4 e6 3. Nc3 c5 4. g3 d5 5. cxd5 exd5 6. d4 Nc6 7. Bg2 Bf5 8. a3
Rc8 9. O-O cxd4 10. Nxd4 Nxd4 11. Qxd4 Bc5 12. Qa4+ Bd7 13. Qb3 Bc6 14. Bg5 d4
15. Bxc6+ Rxc6 16. Ne4 O-O 17. Bxf6 gxf6 18. Nxc5 Rxc5 19. Qxb7 Rc2 20. Rfe1
Re8 21. Kf1 d3 22. e3 d2 23. Red1 Qd3+ 24. Kg2 Qe2 25. Qf3 Qc4 26. Qxf6 Rc1 27.
Qg5+ Kf8 28. Qh6+ Kg8 29. Qg5+ Kf8 30. Qh6+ 1/2-1/2

[Event "SV Ahlen 1 - Dortmunder SV 1"]
[Site "Regionalliga 2017/2018"]
[Date "2018.03.04"]
[Round "7.1"]
[White "Ganzer, Uwe"]
[Black "Steinle, Carsten"]
[Result "1-0"]
[WhiteElo "2165"]
[BlackElo "2157"]
[PlyCount "79"]
[EventDate "2018.??.??"]

1. d4 e6 2. c4 b6 3. Nc3 Bb4 4. Qb3 c5 5. a3 Ba5 6. dxc5 bxc5 7. Bf4 Nc6 8. e3
e5 9. Bg3 Rb8 10. Qc2 Nf6 11. Nf3 Bxc3+ 12. bxc3 d6 13. Bd3 O-O 14. Bh4 h6 15.
Be4 Rb6 16. Rd1 Qe7 17. Bd5 Be6 18. Qa4 Bd7 19. Qc2 Rfb8 20. O-O Kf8 21. Bxf6
Qxf6 22. Nd2 Ne7 23. f4 Rb2 24. Qd3 Bf5 25. Be4 Bg4 26. Bf3 Bxf3 27. Rxf3 exf4
28. Rxf4 Qg6 29. Qf1 Kg8 30. Ne4 R8b6 31. h3 f5 32. Nd2 Qe6 33. e4 g5 34. exf5
Qe3+ 35. Rf2 Kf7 36. Re1 Qxc3 37. Qe2 Qf6 38. Qh5+ Kg7 39. Ne4 Qd4 40. f6+ 1-0

[Event "SV Ahlen 1 - Dortmunder SV 1"]
[Site "Regionalliga 2017/2018"]
[Date "2018.03.04"]
[Round "7.2"]
[White "Torres-Kuckel, Rafael"]
[Black "Mallee, Ralph"]
[Result "1/2-1/2"]
[WhiteElo "2070"]
[BlackElo "2087"]
[PlyCount "40"]
[EventDate "2018.??.??"]

1. e4 e5 2. Nc3 Nf6 3. g3 Nc6 4. Bg2 Bc5 5. d3 d6 6. h3 a6 7. Nge2 Be6 8. O-O
Nd4 9. Nxd4 Bxd4 10. Ne2 Bb6 11. d4 Bc4 12. d5 O-O 13. b3 Bd4 14. Rb1 Bxe2 15.
Qxe2 b5 16. a3 Qd7 17. Bg5 Qe7 18. Kh2 h6 19. Be3 Bxe3 20. Qxe3 c5 1/2-1/2

[Event "SV Ahlen 1 - Dortmunder SV 1"]
[Site "Regionalliga 2017/2018"]
[Date "2018.03.04"]
[Round "7.3"]
[White "Wichtrup, Jan-Louis"]
[Black "Volesky, Karl-Heinz"]
[Result "1-0"]
[WhiteElo "1963"]
[BlackElo "2050"]
[PlyCount "131"]
[EventDate "2018.??.??"]

1. d4 Nf6 2. c4 e6 3. Nc3 Bb4 4. Qc2 b6 5. e4 Bb7 6. Bd3 c5 7. d5 d6 8. Nge2
Nbd7 9. O-O Bxc3 10. Nxc3 e5 11. a3 a6 12. b4 h6 13. Be3 Qc7 14. Rab1 O-O 15.
Na4 Rfb8 16. bxc5 bxc5 17. g3 Bc8 18. Bd2 Rxb1 19. Rxb1 Rb8 20. f3 Rxb1+ 21.
Qxb1 Qb7 22. Qxb7 Bxb7 23. Ba5 Kf8 24. Bc2 Ke7 25. Nb2 Ne8 26. Nd3 Bc8 27. Kf2
f6 28. Bd1 g6 29. Bd2 h5 30. Kg2 Kf7 31. f4 Ke7 32. Ba5 Kf7 33. Bd8 Kg7 34. Ne1
Kh6 35. Ba4 Kg7 36. Nf3 Kf7 37. Nh4 Kg7 38. f5 g5 39. Ng6 Kf7 40. Ne7 Nb6 41.
Bxe8+ Kxe8 42. Nxc8 Nxc4 43. Bc7 Ne3+ 44. Kf3 Nf1 45. Ba5 Kd7 46. Nb6+ Ke7 47.
h3 g4+ 48. Kf2 Nh2 49. h4 Nf3 50. Bc3 Kd8 51. Nc4 Kc7 52. Nd2 Nd4 53. Bxd4 exd4
54. Ke2 Kb6 55. Nc4+ Kc7 56. Kd3 Kd7 57. Nb2 Kc7 58. Kc4 Kb6 59. Nd3 Ka5 60.
Nf4 Ka4 61. Nxh5 Kxa3 62. Nf4 Kb2 63. Nd3+ Kc2 64. h5 a5 65. h6 a4 66. h7 1-0

[Event "SV Ahlen 1 - Dortmunder SV 1"]
[Site "Regionalliga 2017/2018"]
[Date "2018.03.04"]
[Round "7.4"]
[White "Woestmann, Ulrich"]
[Black "Huettemann, Karl-Heinz"]
[Result "0-1"]
[WhiteElo "1989"]
[BlackElo "1963"]
[Annotator "Daniel"]
[PlyCount "86"]
[EventDate "2018.??.??"]

1. e4 c5 2. Nc3 Nc6 3. g3 g6 4. Bg2 Bg7 5. d3 e6 6. f4 Nge7 7. Nf3 d6 8. O-O
O-O 9. Be3 Nd4 10. Bf2 Nec6 11. e5 dxe5 12. Nxe5 Nxe5 13. fxe5 Rb8 14. Ne4 b6
15. c3 Nf5 16. Nf6+ Kh8 17. g4 Ne7 18. Qf3 Nd5 19. g5 Bb7 20. Qg4 Ne7 21. Be4
Nf5 $11 22. Rad1 Qc7 23. Qh3 Bxf6 24. exf6 Qf4 25. Bxf5 Qxf5 26. Qh6 Rg8 27.
Bg3 Qd5 28. Rd2 e5 29. Re2 Qh1+ 30. Kf2 Qf3+ 31. Ke1 Qxd3 32. Bxe5 Ba6 33. Rff2
Qb1+ 34. Kd2 Rbd8+ 35. Ke3 Qd3+ 36. Kf4 Qf5+ 37. Kg3 Rd3+ 38. Kg2 Bb7+ 39. Kf1
Rd1+ 40. Re1 Ba6+ 41. Kg2 Qg4+ 42. Bg3 Rxe1 43. Rf4 Bb7+ 0-1

[Event "SV Ahlen 1 - Dortmunder SV 1"]
[Site "Regionalliga 2017/2018"]
[Date "2018.03.04"]
[Round "7.5"]
[White "Canzler, Harald"]
[Black "Volesky, Alexander"]
[Result "1/2-1/2"]
[WhiteElo "1961"]
[BlackElo "1988"]
[PlyCount "105"]
[EventDate "2018.??.??"]

1. Nf3 Nf6 2. g3 b6 3. Bg2 Bb7 4. O-O e6 5. d3 Be7 6. e4 O-O 7. Re1 c5 8. Nbd2
Nc6 9. c3 Rc8 10. a3 b5 11. Nf1 Qb6 12. Bg5 h6 13. Bf4 a5 14. h3 Rfd8 15. g4
Nh7 16. h4 d5 17. e5 d4 18. Qe2 dxc3 19. bxc3 b4 20. N1d2 Ba6 21. c4 b3 22.
Rab1 a4 23. g5 hxg5 24. Nxg5 Bxg5 25. Bxg5 Nxg5 26. hxg5 Bb7 27. g6 fxg6 28.
Qg4 Nd4 29. Qxg6 Bxg2 30. Kxg2 Qb7+ 31. Ne4 Qf7 32. Qxf7+ Kxf7 33. Nd6+ Kg6 34.
Nxc8 Rxc8 35. Rb2 Rh8 36. Kg3 Nc2 37. Rxc2 bxc2 38. Rc1 Rd8 39. Rxc2 Rxd3+ 40.
Kg4 Rxa3 41. f4 Ra1 42. Kf3 a3 43. Ke3 a2 44. Rg2+ Kf7 45. Re2 Rc1 46. Rxa2
Rxc4 47. Ra7+ Kg6 48. Rc7 Rc3+ 49. Ke4 Rc1 50. Re7 Re1+ 51. Kf3 Rf1+ 52. Ke4
Re1+ 53. Kf3 1/2-1/2

[Event "SV Ahlen 1 - Dortmunder SV 1"]
[Site "Regionalliga 2017/2018"]
[Date "2018.03.04"]
[Round "7.6"]
[White "Busche, Klaus"]
[Black "Brockmann, Fabian"]
[Result "1-0"]
[WhiteElo "1916"]
[BlackElo "1944"]
[PlyCount "107"]
[EventDate "2018.??.??"]

1. d4 Nf6 2. Nf3 c5 3. d5 b5 4. Bg5 d6 5. Bxf6 gxf6 6. e4 b4 7. c3 Qb6 8. Nbd2
bxc3 9. bxc3 Bg7 10. Qc2 Nd7 11. Bd3 Ne5 12. Nxe5 fxe5 13. O-O O-O 14. Rab1 Qc7
15. Nc4 e6 16. Ne3 Qe7 17. Rb2 Qg5 18. Qa4 exd5 19. Nxd5 Bg4 20. Rfb1 Bf3 21.
Ne3 d5 22. g3 c4 23. Bc2 d4 24. Nxc4 dxc3 25. Rb7 Rad8 26. Ne3 Bh6 27. Nd5 Qd2
28. Ne7+ Kh8 29. Nf5 Qg5 30. Qc6 Bg7 31. Qxc3 Bg4 32. Ne3 Bh3 33. Rxa7 Qh5 34.
Bd1 Rxd1+ 35. Nxd1 Rd8 36. Ne3 Qf3 37. Qc7 Rf8 38. Qc2 Bh6 39. Re1 Rc8 40. Qb2
Bxe3 41. fxe3 Qxe4 42. Ra5 f6 43. Qf2 Kg8 44. Qd2 Kg7 45. Qd5 Qb4 46. Ra7+ Kh6
47. Rd1 Qb6 48. Ra3 Rc2 49. Qe4 Qb2 50. Qh4+ Kg6 51. Qxh3 Qxa3 52. Qg4+ Kh6 53.
Qh4+ Kg6 54. Qe4+ 1-0

[Event "SV Ahlen 1 - Dortmunder SV 1"]
[Site "Regionalliga 2017/2018"]
[Date "2018.03.04"]
[Round "7.7"]
[White "Wolff, Torsten"]
[Black "Starp, Klaus"]
[Result "0-1"]
[WhiteElo "1901"]
[BlackElo "1913"]
[PlyCount "120"]
[EventDate "2018.??.??"]

1. d4 Nf6 2. c4 c5 3. d5 e6 4. Nc3 exd5 5. cxd5 d6 6. Nf3 g6 7. Bf4 Bg7 8. Qa4+
Bd7 9. Qb3 Qc7 10. Nd2 Nh5 11. Be3 O-O 12. g3 Na6 13. Rc1 Rae8 14. a3 f5 15.
Qc4 Qb8 16. a4 Nc7 17. Bg2 a6 18. a5 f4 19. gxf4 Bb5 20. Nxb5 axb5 21. Qc2 Nxf4
22. Bxf4 Rxf4 23. e3 Qd8 24. O-O Rg4 25. h3 Rxg2+ 26. Kxg2 Qg5+ 27. Kh1 Qxd5+
28. e4 Qe5 29. b3 Ne6 30. Qd3 Nf4 31. Qf3 Rf8 32. Qg3 Qh5 33. Qg4 Qxh3+ 34.
Qxh3 Nxh3 35. Kg2 Nf4+ 36. Kh1 Nd3 37. Rc2 Nb4 38. Rcc1 Nd3 39. Rc2 Nxf2+ 40.
Kg2 Ng4 41. Rxf8+ Kxf8 42. Ra2 Bc3 43. Nf3 Ne5 44. Ng5 Ke7 45. Nxh7 c4 46. bxc4
b4 47. a6 bxa6 48. Rxa6 b3 49. Ra7+ Kd8 50. Rb7 b2 51. Nf8 Nxc4 52. Nxg6 Nd2
53. Nh4 b1=Q 54. Rxb1 Nxb1 55. Nf5 Kd7 56. Kf3 Ke6 57. Ke3 Bf6 58. Kd3 Nc3 59.
Ne3 Na4 60. Nc4 Nb2+ 0-1

[Event "SV Ahlen 1 - Dortmunder SV 1"]
[Site "Regionalliga 2017/2018"]
[Date "2018.03.04"]
[Round "7.8"]
[White "Dreesbach, Harald"]
[Black "Bryjak, Hans Guenther"]
[Result "1/2-1/2"]
[WhiteElo "1758"]
[BlackElo "1943"]
[PlyCount "73"]
[EventDate "2018.??.??"]

1. d4 d5 2. Nf3 Nf6 3. e3 Bf5 4. Bd3 Bxd3 5. Qxd3 c6 6. Nbd2 e6 7. O-O Nbd7 8.
Re1 Be7 9. c3 O-O 10. e4 dxe4 11. Nxe4 Nxe4 12. Qxe4 Qb6 13. Rb1 Rad8 14. Be3
Qa5 15. Qc2 a6 16. a3 Qh5 17. Bf4 c5 18. Bc7 Rc8 19. Bg3 cxd4 20. Nxd4 Bf6 21.
Rbd1 Rfd8 22. Nf3 Qb5 23. Rd2 Nc5 24. Red1 h6 25. Rxd8+ Rxd8 26. Rxd8+ Bxd8 27.
Nd4 Qd3 28. b4 Qxc2 29. Nxc2 Ne4 30. c4 Nxg3 31. hxg3 Kf8 32. Kf1 Ke7 33. Ke2
Kd6 34. Kd3 f5 35. c5+ Kd5 36. Ne3+ Kc6 37. Nc4 1/2-1/2

[Event "SV Wattenscheid 2 - Oberhausener SV 2"]
[Site "Regionalliga 2017/2018"]
[Date "2018.03.04"]
[Round "7.1"]
[White "Nissen, Claus"]
[Black "Schlehoefer, Ralf"]
[Result "1-0"]
[WhiteElo "2100"]
[BlackElo "2216"]
[PlyCount "63"]
[EventDate "2018.??.??"]

1. c4 c6 2. d4 d5 3. Nf3 e6 4. Nc3 dxc4 5. a4 Bb4 6. Ne5 b5 7. g3 f6 8. Nf3 Bb7
9. Bh3 Qd7 10. O-O Ne7 11. e4 O-O 12. axb5 Re8 13. Qa4 Bxc3 14. Qxc4 Ng6 15.
Qxc3 cxb5 16. d5 Qf7 17. Bxe6 Rxe6 18. dxe6 Qxe6 19. Re1 Nc6 20. Ra3 Kh8 21.
Qb3 Qxb3 22. Rxb3 a6 23. Bf4 Rd8 24. Rc3 h6 25. h4 b4 26. Rcc1 Rd3 27. Re3 Rd7
28. h5 Nxf4 29. gxf4 Nd4 30. Nxd4 Rxd4 31. e5 fxe5 32. fxe5 1-0